| 000 | 01220cam a2200289 i 4500 | ||
|---|---|---|---|
| 003 | SA-RiAUC | ||
| 005 | 20250807072406.0 | ||
| 008 | 250806s2001 jo g b 000r0 ara c | ||
| 040 |
_aSA-RiAUC _bara _cSA-RiAUC _erda |
||
| 082 | 0 | 4 |
_a257.1 _qSA-RiAUC |
| 090 |
_a257.1 _bب ا ع |
||
| 100 | 1 |
_aباعمر، أحمد سالم محمد _eمؤلف. |
|
| 245 | 1 | 2 |
_aالدبلوماسية بين الفقه الإسلامي والقانون الدولي : _bدراسة مقارنة / _cأحمد سالم محمد باعمر. |
| 250 | _aالطبعة الأولى. | ||
| 264 | 1 |
_aعمان، الأردن : _bدار النفائس للنشر والتوزيع، _c2001 |
|
| 300 |
_a310 صفحة ؛ _c24 سم |
||
| 336 |
_aنص _btxt _2rdacontent _3كتاب |
||
| 337 |
_aبدون وسيط _bn _2rdamedia |
||
| 338 |
_aمجلد _bnc _2rdacarrier |
||
| 504 | _aببليوجرافية : صفحة 291-306. | ||
| 650 | 7 |
_aالنظام السياسي في الإسلام _2aucsh |
|
| 650 | 7 |
_aالعلاقات الخارجية _2aucsh |
|
| 650 | 7 |
_aالإسلام والعلاقات الخارجية _2aucsh |
|
| 650 | 7 |
_aالدبلوماسية _2aucsh |
|
| 942 |
_2ddc _cBOOK _n0 |
||
| 949 |
_aSA-JeALM _d250806 _umohamedma123 _n1 |
||
| 999 |
_c10625 _d10625 |
||